| 000 | 00865nam a2200205 4500 | ||
|---|---|---|---|
| 003 | OSt | ||
| 005 | 20220125104612.0 | ||
| 008 | s2000 le fre u | ||
| 040 | _aLB-BrCRDP | ||
| 082 | 1 |
_a840.712 _bLit.S3 SE.CRDP.Gui. |
|
| 100 | 1 | _aAbi Nader Khorassandjian, Marcelle | |
| 245 | 1 | 0 |
_aDe la langue à la littérature Enseignement secondaire troisième année Série Sociologie et Economie Guide Pédagogique _cMarcelle Abi Nader Khorassandjian, Marie Bejjani |
| 260 |
_aBeyrouth _bCentre de Recherche et de Développement Pédagogiques _c2000 |
||
| 300 |
_a117 p. _c19*27 cm. |
||
| 650 | _aLivre d'enseignement -- Littérature -- Guide -- Troisième année secondaire | ||
| 650 | _aLittérature -- Guide -- Troisième année secondaire | ||
| 700 | 1 | _aBejjani, Marie | |
| 942 |
_cBK _2ddc |
||
| 999 |
_c6691 _d6691 |
||